|
|
|
|
| LEADER |
00000cam a2200000 7i4500 |
| 001 |
0000004183 |
| 005 |
20190108.0 |
| 020 |
0 |
0 |
|a 9789470539423
|
| 090 |
0 |
0 |
|a 634
|b CFS
|
| 245 |
0 |
0 |
|a Laporan projek Central Forest Spine (CFS) :
|b Rancangan Malaysia ke Sepuluh (RMK10)
|
| 260 |
0 |
0 |
|a Kuala Lumpur :
|b Forestry Department Peninsular Malaysia ,
|c 2015
|
| 300 |
|
|
|a iv, 105 p :
|b ill., col. ;
|c 25cm.
|
| 650 |
0 |
0 |
|a Forest and forestry
|
| 710 |
2 |
1 |
|a Jabatan Perhutanan Semenanjung Malaysia
|
| 998 |
|
|
|a JPSM
|
| 999 |
|
|
|a 008050
|b Monograph
|c Open Shelf
|e Default branch
|
| 999 |
|
|
|a 008051
|b Monograph
|c Open Shelf
|e Default branch
|
| 999 |
|
|
|a 008052
|b Monograph
|c Open Shelf
|e Default branch
|
| 999 |
|
|
|a 008053
|b Monograph
|c Open Shelf
|e Default branch
|
| 999 |
|
|
|a 008054
|b Monograph
|c Open Shelf
|e Default branch
|